000 00780nam a22002417a 4500
005 20260309091737.0
008 260307b |||||||| |||| 00| 0 eng d
020 _a9780201633610
040 _cAL
041 _aEnglish
082 _a005.12
_bGAMD
100 _aErich Gamma ...[et al.]
_9258210
245 _aDesign patterns
_b: elements of reusable object oriented software
260 _aBoston
_bAddison-Wesley
_c2007
300 _axv,395p.
_bHB
_c24x19cm.
365 _aABDI/0854/26
_b₹4110.06375
_c
_d ₹5480.085
_e25%
_f19-02-2026
650 _aObject-oriented Programming
_9258181
650 _aComputer software Reusability
_9258182
700 _aHelm, Richard
_9258183
700 _aJohnson,Ralph
_9258184
700 _aVlissides, John
_9258185
942 _2ddc
_cBK
999 _c241013
_d241013